000 00638nam a22002297a 4500
003 UA-OsUOA
001 25499
007 ta
008 20040420b un ||||| |||| 00| 0 ukr d
100 _aГончаренко Валерій
090 _a330(477)
_bГ65
942 _cSA
040 _aUA-OsUOA
_bukr
_cUA-OsUOA
_dUA-OsUOA
245 _aСвітові стандарти - база української ідеї
300 _aС.5
955 _a0
041 _aukr
080 _a330(477)
044 _aUA
773 0 _w0
_tУкраїна-business
_dК.
_d2004
_g12-19 квітня
650 7 _aЕкономіка України
_2UDC
999 _c311797
_d311797